Generator Dash #25 - Statistics

General Stats
  • This quiz has been taken 118 times
  • The average score is 6 of 11
Answer Stats
Hint Answer % Correct
US college newbie (8) Freshman
88%
Blaze fighter (7) Fireman
85%
Less risky (5) Safer
80%
Persian language (5) Farsi
63%
Feudal worker (4) Serf
59%
3rd of Four Horsemen (6) Famine
51%
Font embellishment (5) Serif
50%
9-Letter Word FISHERMAN
45%
Draw a conclusion (5) Infer
35%
Abundant, widespread (4) Rife
34%
_____red light (5) Infra
22%
No matching quizzes found
Score Distribution
Percent of People with Each Score
Percentile by Number Answered
Your Score History
You have not taken this quiz